| 000 | 00766 a2200217 4500 | ||
|---|---|---|---|
| 999 |
_c828 _d828 |
||
| 020 | _a0435089757 | ||
| 020 | _a0435089773 (pbk.) | ||
| 050 | 0 | 0 | _aDT2974. RAN 1995 |
| 100 | 1 | _aRanger, T. O. | |
| 245 | 1 | 0 |
_aAre we not also men? : _bthe Samkange family & African politics in Zimbabwe, 1920-64 / _cTerrence Ranger. |
| 264 |
_aHarare: _bBaobab., _c1995 |
||
| 300 |
_ax, 211 p. : _bill. ; |
||
| 440 | 0 | _aSocial history of Africa | |
| 500 | _aIt includes indexes. | ||
| 504 | _aIncludes bibliographical references | ||
| 650 | 0 |
_aMethodist Church _xHistory. |
|
| 651 | 0 | _aZimbabwe | |
| 651 | 0 | _aZimbabwe | |
| 942 |
_2lcc _cBK _h2974 _iRAN _kDT |
||